000 00377nam a2200133Ia 4500
008 151001s9999||||xx |||||||||||||| ||und||
100 _aचि त्र्य खानोलकर
245 _aएक शून्य बाजीराव
250 _a3
260 _bमौज प्रकाशन मुंबई
260 _c2008
300 _a108
365 _b18
999 _c1000483
_d1000480